Accompagner sans sélectionner : les tensions de Territoires zéro chômeur de longue durée (notice n° 1757352)

détails MARC
000 -LEADER
fixed length control field 01259cam a2200217 4500500
005 - DATE AND TIME OF LATEST TRANSACTION
control field 20260322010522.0
041 ## - LANGUAGE CODE
Language code of text/sound track or separate title fre
042 ## - AUTHENTICATION CODE
Authentication code dc
100 10 - MAIN ENTRY--PERSONAL NAME
Personal name Deram, Jennifer
Relator term author
245 00 - TITLE STATEMENT
Title Accompagner sans sélectionner : les tensions de Territoires zéro chômeur de longue durée
260 ## - PUBLICATION, DISTRIBUTION, ETC.
Date of publication, distribution, etc. 2026.<br/>
500 ## - GENERAL NOTE
General note 60
520 ## - SUMMARY, ETC.
Summary, etc. En faisant le pari du droit à l’emploi pour les personnes les plus éloignées du marché du travail, l’expérimentation Territoires zéro chômeur de longue durée innove dans sa phase de lancement par de nouvelles pratiques de mobilisation et d’accompagnement. Mais à mesure que l’expérimentation et les entreprises à but d’emploi se structurent, les places se raréfient et les exigences économiques s’imposent. Une tension émerge entre logique sociale et logique économique qui conduit à faire évoluer l’accompagnement proposé.
690 ## - LOCAL SUBJECT ADDED ENTRY--TOPICAL TERM (OCLC, RLIN)
Topical term or geographic name as entry element Chômage de longue durée
690 ## - LOCAL SUBJECT ADDED ENTRY--TOPICAL TERM (OCLC, RLIN)
Topical term or geographic name as entry element Expérimentation sociale
690 ## - LOCAL SUBJECT ADDED ENTRY--TOPICAL TERM (OCLC, RLIN)
Topical term or geographic name as entry element Mesure pour l'emploi
690 ## - LOCAL SUBJECT ADDED ENTRY--TOPICAL TERM (OCLC, RLIN)
Topical term or geographic name as entry element Réinsertion
700 10 - ADDED ENTRY--PERSONAL NAME
Personal name Moncel, Nathalie
Relator term author
786 0# - DATA SOURCE ENTRY
Note Céreq Bref | 481 | 1 | 2026-02-10 | p. 1-4 | 0758-1858
856 41 - ELECTRONIC LOCATION AND ACCESS
Uniform Resource Identifier <a href="https://shs.cairn.info/revue-cereq-bref-2026-1-page-1?lang=fr&redirect-ssocas=7080">https://shs.cairn.info/revue-cereq-bref-2026-1-page-1?lang=fr&redirect-ssocas=7080</a>

Pas d'exemplaire disponible.

PLUDOC

PLUDOC est la plateforme unique et centralisée de gestion des bibliothèques physiques et numériques de Guinée administré par le CEDUST. Elle est la plus grande base de données de ressources documentaires pour les Étudiants, Enseignants chercheurs et Chercheurs de Guinée.

Adresse

627 919 101/664 919 101

25 boulevard du commerce
Kaloum, Conakry, Guinée

Réseaux sociaux

Powered by Netsen Group @ 2025